Handel's Messiah / (Record no. 288212)
[ view plain ]
| 000 -LEADER | |
|---|---|
| fixed length control field | 03526cgm a2200733Ki 4500 |
| 001 - CONTROL NUMBER | |
| control field | ocn927417562 |
| 003 - CONTROL NUMBER IDENTIFIER | |
| control field | OCoLC |
| 005 - DATE AND TIME OF LATEST TRANSACTION | |
| control field | 20200320194626.0 |
| 007 - PHYSICAL DESCRIPTION FIXED FIELD--GENERAL INFORMATION | |
| fixed length control field | vd mvaizu |
| 008 - FIXED-LENGTH DATA ELEMENTS--GENERAL INFORMATION | |
| fixed length control field | 151103t20142014utu075 vleng d |
| 024 1# - OTHER STANDARD IDENTIFIER | |
| Standard number or code | 796795402593 |
| 028 42 - PUBLISHER NUMBER | |
| Publisher number | CCID-2700901 |
| Source | Covenant Communications |
| 035 ## - SYSTEM CONTROL NUMBER | |
| System control number | (OCoLC)927417562 |
| 040 ## - CATALOGING SOURCE | |
| Original cataloging agency | UPZ |
| Language of cataloging | eng |
| Description conventions | rda |
| Transcribing agency | UPZ |
| Modifying agency | OCLCO |
| -- | WACOL |
| 043 ## - GEOGRAPHIC AREA CODE | |
| Geographic area code | e-uk-en |
| 046 ## - SPECIAL CODED DATES | |
| Beginning or single date created | 2014 |
| 049 ## - LOCAL HOLDINGS (OCLC) | |
| Holding library | WACL |
| 050 #4 - LIBRARY OF CONGRESS CALL NUMBER | |
| Classification number | ML410.H13 |
| Item number | H277 2014 |
| 082 04 - DEWEY DECIMAL CLASSIFICATION NUMBER | |
| Classification number | 782.23 |
| Edition number | 23 |
| 092 ## - LOCALLY ASSIGNED DEWEY CALL NUMBER (OCLC) | |
| Classification number | 782.23 |
| Item number | Han |
| 245 00 - TITLE STATEMENT | |
| Title | Handel's Messiah / |
| Statement of responsibility, etc | BYUTV presents ; a film by Lee Groberg & Mark Goodman ; produced in partnership with Groberg Films and BYU Broadcasting ; directed and produced by Lee Groberg. |
| 257 ## - COUNTRY OF PRODUCING ENTITY FOR ARCHIVAL FILMS | |
| Country of producing entity | United States. |
| -- | naf |
| 264 #1 - Production, Publication, Distribution, Manufacture, and Copyright Notice. | |
| Place of production, publication, distribution, manufacture | [Provo, Utah] : |
| Name of producer, publisher, distributor, manufacturer | Groberg Films : |
| -- | BYU Broadcasting, |
| Date of production, publication, distribution, manufacture, or copyr | [2014] |
| 264 #2 - Production, Publication, Distribution, Manufacture, and Copyright Notice. | |
| Place of production, publication, distribution, manufacture | [American Fork, Utah] : |
| Name of producer, publisher, distributor, manufacturer | Distributed by Covenant Communications, Inc., |
| Date of production, publication, distribution, manufacture, or copyr | [2014] |
| 264 #4 - Production, Publication, Distribution, Manufacture, and Copyright Notice. | |
| Date of production, publication, distribution, manufacture, or copyr | ©2014 |
| 300 ## - PHYSICAL DESCRIPTION | |
| Extent | 1 videodisc (approximately 75 min.) : |
| Other physical details | sound, color ; |
| Dimensions | 4 3/4 in. |
| 336 ## - Content Type | |
| Content type term | two-dimensional moving image |
| 337 ## - Media type | |
| Media type term | video |
| 338 ## - Carrier type | |
| Carrier type term | videodisc |
| 344 ## - | |
| -- | digital |
| -- | optical |
| -- | rda |
| 346 ## - | |
| -- | DVD |
| -- | rda |
| 347 ## - | |
| -- | video file |
| -- | DVD video |
| -- | rda |
| 538 ## - SYSTEM DETAILS NOTE | |
| System details note | DVD. |
| 546 ## - LANGUAGE NOTE | |
| Language note | Closed captioned. |
| 511 0# - PARTICIPANT OR PERFORMER NOTE | |
| Participant or performer note | Narrator, Jane Seymour. |
| 508 ## - CREATION/PRODUCTION CREDITS NOTE | |
| Creation/production credits note | Executive producers: Scott Swofford and Derek Marquis ; filmed & edited by Mark Goodman ; original music by Sam Cardon. |
| 520 ## - SUMMARY, ETC. | |
| Summary, etc | The story of Handel's collaboration with an adoring librettist, Charles Jennens, and how the pair struggled to create a masterpiece that has stood the test of centuries. |
| 500 ## - GENERAL NOTE | |
| General note | Bonus features: The making of Handel's Messiah -- The message pf Messiah -- The tradition of standing in the "Hallelujah Chorus" -- Charles Jennens -- Handel's final resting place -- The musicality of Messiah -- Hallelujah chorus performances -- Scriptures for the libretto of Messiah. |
| 521 ## - TARGET AUDIENCE NOTE | |
| Target audience note | dvd |
| Source | deseret book |
| 600 10 - SUBJECT ADDED ENTRY--PERSONAL NAME | |
| Personal name | Handel, George Frideric, |
| Dates associated with a name | 1685-1759. |
| Title of a work | Messiah. |
| 9 (RLIN) | 16979 |
| 600 10 - SUBJECT ADDED ENTRY--PERSONAL NAME | |
| Personal name | Jennens, Charles, |
| Dates associated with a name | 1700-1773. |
| 9 (RLIN) | 5904211 |
| 600 10 - SUBJECT ADDED ENTRY--PERSONAL NAME | |
| Personal name | Handel, George Frideric, |
| Dates associated with a name | 1685-1759 |
| General subdivision | Friends and associates. |
| 9 (RLIN) | 5904212 |
| 650 #0 - SUBJECT ADDED ENTRY--TOPICAL TERM | |
| Topical term or geographic name as entry element | Composers |
| Geographic subdivision | England |
| Form subdivision | Biography. |
| 9 (RLIN) | 5904213 |
| 650 #0 - SUBJECT ADDED ENTRY--TOPICAL TERM | |
| Topical term or geographic name as entry element | Librettists |
| Geographic subdivision | England |
| Form subdivision | Biography. |
| 9 (RLIN) | 5904214 |
| 655 #7 - INDEX TERM--GENRE/FORM | |
| Genre/form data or focus term | Documentary films. |
| Source of term | lcgft |
| 9 (RLIN) | 5904215 |
| 655 #7 - INDEX TERM--GENRE/FORM | |
| Genre/form data or focus term | Nonfiction films. |
| Source of term | lcgft |
| 9 (RLIN) | 5904216 |
| 655 #7 - INDEX TERM--GENRE/FORM | |
| Genre/form data or focus term | Biographical films. |
| Source of term | lcgft |
| 9 (RLIN) | 102649 |
| 655 #7 - INDEX TERM--GENRE/FORM | |
| Genre/form data or focus term | Feature films. |
| Source of term | lcgft |
| 9 (RLIN) | 5904217 |
| 655 #7 - INDEX TERM--GENRE/FORM | |
| Genre/form data or focus term | Video recordings for the hearing impaired. |
| Source of term | lcgft |
| 9 (RLIN) | 5904218 |
| 700 1# - ADDED ENTRY--PERSONAL NAME | |
| Personal name | Groberg, Lee B., |
| Dates associated with a name | 1951- |
| Relator term | film producer, |
| -- | film director. |
| 9 (RLIN) | 71780 |
| 700 1# - ADDED ENTRY--PERSONAL NAME | |
| Personal name | Swofford, Scott, |
| Relator term | film producer. |
| 9 (RLIN) | 65867 |
| 700 1# - ADDED ENTRY--PERSONAL NAME | |
| Personal name | Marquis, Derek A., |
| Relator term | film producer. |
| 9 (RLIN) | 5904219 |
| 700 1# - ADDED ENTRY--PERSONAL NAME | |
| Personal name | Goodman, Mark, |
| Dates associated with a name | 1946- |
| Relator term | director of photography, |
| -- | editor of moving image work. |
| 9 (RLIN) | 5904220 |
| 700 1# - ADDED ENTRY--PERSONAL NAME | |
| Personal name | Cardon, Sam, |
| Relator term | composer (expression) |
| 9 (RLIN) | 64104 |
| 700 1# - ADDED ENTRY--PERSONAL NAME | |
| Personal name | Seymour, Jane, |
| Dates associated with a name | 1951- |
| Relator term | narrator. |
| 9 (RLIN) | 15049 |
| 710 2# - ADDED ENTRY--CORPORATE NAME | |
| Corporate name or jurisdiction name as entry element | Groberg Films, |
| Relator term | production company. |
| 9 (RLIN) | 5875140 |
| 710 2# - ADDED ENTRY--CORPORATE NAME | |
| Corporate name or jurisdiction name as entry element | BYU Broadcasting, |
| Relator term | production company. |
| 9 (RLIN) | 5863047 |
| 710 2# - ADDED ENTRY--CORPORATE NAME | |
| Corporate name or jurisdiction name as entry element | KBYU-TV (Television station : Provo, Utah), |
| Relator term | broadcaster. |
| 9 (RLIN) | 5471 |
| 710 2# - ADDED ENTRY--CORPORATE NAME | |
| Corporate name or jurisdiction name as entry element | Covenant Communications, |
| Relator term | film distributor. |
| 9 (RLIN) | 44824 |
| 942 ## - ADDED ENTRY ELEMENTS (KOHA) | |
| Koha item type | DVD |
| 948 ## - LOCAL PROCESSING INFORMATION (OCLC); SERIES PART DESIGNATOR (RLIN) | |
| Series part designator, SPT (RLIN) | 12/11/2015 |
| z (OCLC) | Sirsi |
| 994 ## - | |
| -- | C0 |
| -- | WACOL |
| 996 ## - | |
| -- | 126989 |
| -- | 34301001221334 |
| -- | HOLDVD |
| -- | DVD |
| -- | wcl |
| -- | i |
| -- | 12 |
| -- | 15.99 |
| -- | deseret book |
| -- | Han |
| -- | 12/14/2015 |
| -- | 01/13/2020 |
| -- | 12/31/2019 |
| Withdrawn status | Lost status | Source of classification or shelving scheme | Damaged status | Not for loan | Collection code | Home library | Current library | Shelving location | Date acquired | Source of acquisition | Cost, normal purchase price | Total Checkouts | Total Renewals | Full call number | Barcode | Date last seen | Date checked out | Cost, replacement price | Price effective from | Koha item type |
|---|---|---|---|---|---|---|---|---|---|---|---|---|---|---|---|---|---|---|---|---|
| Dewey Decimal Classification | Holiday Movies | Wasatch County Library | Wasatch County Library | Audio Visual Area | 12/14/2015 | 15.99 | 16 | 8 | DVD Han | 34301001221334 | 03/05/2026 | 12/08/2025 | 15.99 | 03/20/2020 | DVD |
